BIBLIOTECA

SENCICO

Manual de replanteo de curvas con y sin arcos de enlace (Registro nro. 3236)

Detalles MARC
000 -LEADER
fixed length control field 00432nam a2200169Ia 4500
005 - DATE AND TIME OF LATEST TRANSACTION
control field 20251020182607.0
008 - FIXED-LENGTH DATA ELEMENTS--GENERAL INFORMATION
fixed length control field 200515s9999 xx 000 0 und d
082 ## - DEWEY DECIMAL CLASSIFICATION NUMBER
Classification number SC/516.2:625.1/.7/S23
100 ## - MAIN ENTRY--PERSONAL NAME
Personal name SARRAZIN, O.OBERBECK, H.
245 #0 - TITLE STATEMENT
Title Manual de replanteo de curvas con y sin arcos de enlace
250 ## - EDITION STATEMENT
Edition statement 7a ed.
260 ## - PUBLICATION, DISTRIBUTION, ETC.
Place of publication, distribution, etc. Barcelona
260 ## - PUBLICATION, DISTRIBUTION, ETC.
Date of publication, distribution, etc. 1974
300 ## - PHYSICAL DESCRIPTION
Extent 304
650 ## - SUBJECT ADDED ENTRY--TOPICAL TERM
Topical term or geographic name entry element REPLANTEO DE CURVAS
942 ## - ADDED ENTRY ELEMENTS (KOHA)
Koha item type Libros
Existencias
Fecha de la última vez que lo usaron Pago total Signatura topográfica completa Código de barras Precio efectivo desde Tipo de documento Estado perdido Estado dañado No es para préstamo Retirado Ubicación permanente Ubicación actual Fecha de adquisición
15/05/2020   SC/516.2:625.1/.7/S23 Bib-Lima15053236 15/05/2020 Libros         Biblioteca Central Lima Biblioteca Central Lima 15/05/2020